000 01375nam0a22003011 4500
001 rc\3567766
005 20250610073335.0
021 _aRU
_b[76-10469ж]
035 _a(NLR Aleph) 007799461
090 _a7678272
_c7678272
100 _a20130115d1976 |||y0rusy50 ca
101 0 _arus
102 _aRU
105 _aa z |||||
200 1 _aЭлектротехнологические процессы и источники питания
_e[Сборник статей
_fРед. коллегия: А.С. Васильев и др.]
210 _aЛенинград
_cЛЭТИ
_d1976
215 _a88 с.
_cил.
_d20
225 1 _aИзвестия Ленинградского электротехнического института имени В.И. Ульянова (Ленина)
_vВып. 183
300 _aНа обл. только загл. сер.
320 _aБиблиогр. в конце статей
606 _aЭлектрическая обработка
_jСборники
_2psbo
702 1 _4340
_7ca
_8rus
_aВасильев
_bА. С.
_cд-р техн. наук, высокочастотные электротехнологии
_f1926-2010
_gАлександр Сергеевич
_9236004
_3RU\NLR\AUTH\770236060
801 0 _aRU
_bNLR
_gpsbo
801 1 _aRU
_bELAR
_2rusmarc
852 _aNLR
_jП11/249
942 _cBOOK
980 _aNB